| 000 | 00625cam a22002411 4500 | ||
|---|---|---|---|
| 001 | 8893952 | ||
| 005 | 20180220034321.0 | ||
| 008 | 760323s1960 maua b 000 0 eng | ||
| 010 | _a 60010066 | ||
| 015 | _aGB61-6252 | ||
| 035 | _a(OCoLC)2063123 | ||
| 040 |
_aDLC _cOTMC _dOCoLC _dUk _dDLC |
||
| 041 | _aeng | ||
| 080 | _a616 | ||
| 082 | _2616 MIL | ||
| 100 | _a9 | ||
| 101 | _aPAT | ||
| 245 | 0 | 2 |
_aA textbook of clinical pathology. _cEdited by Seward F. Miller. |
| 504 | _aIncludes bibliographies. | ||
| 740 | 0 | _aClinical pathology. | |
| 906 |
_a7 _bcbc _coclcrpl _du _encip _f19 _gy-gencatlg |
||
| 942 |
_2ddc _cBK |
||
| 999 |
_c42875 _d42875 |
||